00405nam a2200157Ia 4500001000500000005001700005008004100022041000800063082001600071100004400087245006300131260000900194300002800203650000800231654000800239462120260306145809.0260306t2021||||xx |||||||||||||| ||spa|| aESP a327.85bG23 aGarcía Belaunde, José Antonio,eAUT 0aDos siglos de desafíos en la política exterior peruana c2021 a202 páginas :c21 cm. aGEN aCHU